000
00327nam a22001577a 4500
003
SGT
020
_a
8176567523
082
_a
004,SIN
100
_a
SINHA,P.K
245
_a
COMPUTER FUNDAMENTALS
250
_a
6TH
260
_a
NEW DELHI
_b
BPB PUBLICATIONS
_c
2016
300
_a
490
650
_a
COMPUTER
942
_2
ddc
_c
BK
_0
18
999
_c
9979
_d
9979